Банковский менеджмент: электронный курс

التفاصيل البيبلوغرافية
المؤلف الرئيسي: Спицын В. В. Владислав Владимирович
مؤلف مشترك: Национальный исследовательский Томский политехнический университет (ТПУ) Институт социально-гуманитарных технологий (ИСГТ) Кафедра менеджмента (МЕН)
الملخص:Заглавие с экрана
Курс описывает современное состояние и тенденции развития банковской деятельности, а также особенности управления ею. Курс ориентирован на студентов экономических специальностей, планирующих трудоустроиться в банковской сфере или в финансовых службах предприятий. Целью преподавания данного учебного курса является формирование у студентов целостного представления о банковском бизнесе и тенденциях его развития в мире и РФ, банковских операциях и банковском менеджменте, а также обучение студентов методам и инструментам менеджмента по различным направлениям банковской деятельности.
Доступ по логину и паролю
اللغة:الروسية
منشور في: Томск, TPU Moodle, 2015
الموضوعات:
الوصول للمادة أونلاين:http://design.lms.tpu.ru/course/view.php?id=685
التنسيق: MixedMaterials الكتروني كتاب
KOHA link:https://koha.lib.tpu.ru/cgi-bin/koha/opac-detail.pl?biblionumber=651717

MARC

LEADER 00000nlm0a2200000 4500
001 651717
005 20240209130149.0
035 |a (RuTPU)RU\TPU\network\16979 
035 |a RU\TPU\network\16978 
090 |a 651717 
100 |a 20161121d2015 m y0rusy50 ca 
101 0 |a rus 
102 |a RU 
105 |a a j 000zy 
135 |a jrcn ---uucaa 
181 0 |a i  
182 0 |a b 
200 1 |a Банковский менеджмент  |e электронный курс  |f В. В. Спицын  |g Национальный исследовательский Томский политехнический университет (ТПУ), Институт социально-гуманитарных технологий (ИСГТ), Кафедра менеджмента (МЕН) 
203 |a Текст  |c электронный 
210 |a Томск  |c TPU Moodle  |d 2015 
300 |a Заглавие с экрана 
330 |a Курс описывает современное состояние и тенденции развития банковской деятельности, а также особенности управления ею. Курс ориентирован на студентов экономических специальностей, планирующих трудоустроиться в банковской сфере или в финансовых службах предприятий. Целью преподавания данного учебного курса является формирование у студентов целостного представления о банковском бизнесе и тенденциях его развития в мире и РФ, банковских операциях и банковском менеджменте, а также обучение студентов методам и инструментам менеджмента по различным направлениям банковской деятельности. 
333 |a Доступ по логину и паролю 
606 1 |a Банковский менеджмент  |2 stltpush  |3 (RuTPU)RU\TPU\subj\67566  |9 83309 
610 1 |a электронный ресурс 
610 1 |a труды учёных ТПУ 
610 1 |a электронное обучение 
610 1 |a электронные курсы ТПУ 
610 1 |a банки 
610 1 |a банковский менеджмент 
610 1 |a банковские операции 
610 1 |a банковские услуги 
610 1 |a кредитование 
610 1 |a пластиковые карты 
610 1 |a вклады 
610 1 |a валютные операции 
610 1 |a организационный менеджмент 
610 1 |a финансовый менеджмент 
610 1 |a риск-менеджмент 
610 1 |a учебные пособия 
610 1 |a электронные учебные пособия 
686 |a У9(2)262.10я73  |2 rubbk 
700 1 |a Спицын  |b В. В.  |c экономист  |c доцент Томского политехнического университета, кандидат экономических наук  |f 1976-  |g Владислав Владимирович  |3 (RuTPU)RU\TPU\pers\22756  |9 9787 
712 0 2 |a Национальный исследовательский Томский политехнический университет (ТПУ)  |b Институт социально-гуманитарных технологий (ИСГТ)  |b Кафедра менеджмента (МЕН)  |3 (RuTPU)RU\TPU\col\18855 
801 2 |a RU  |b 63413507  |c 20210927  |g RCR 
856 4 |u http://design.lms.tpu.ru/course/view.php?id=685 
942 |c CF